Statistics for 60 Harry Potter characters by picture

Click here to take the quiz!

General Stats

  • This quiz has been taken 95 times
  • The average score is 38 of 60

Answer Stats

Answer% Correct
Harry Potter
100%
Voldemort
93%
Hermione Granger
91%
Ron Weasley
91%
Albus Dumbledore
90%
Severus Snape
88%
Sirius Black
87%
Fred Weasley
84%
George Weasley
84%
Ginny Weasley
84%
James Potter
82%
Neville Longbottom
82%
Dobby
81%
Draco Malfoy
81%
Lily Potter
81%
Lucius Malfoy
79%
Luna Lovegood
78%
Percy Weasley
78%
Remus Lupin
78%
Bill Weasley
76%
Molly Weasley
76%
Rubeus Hagrid
76%
Bellatrix Lestrange
75%
Cedric Diggory
75%
Minerva McGonagall
75%
Arthur Weasley
72%
Dolores Umbridge
72%
Alastor Moody
71%
Cho Chang
71%
Narcissa Malfoy
66%
Peter Pettigrew
62%
Viktor Krum
60%
Dudley Dursley
59%
Moaning Myrtle
59%
Nearly Headless Nick
59%
Vernon Dursley
59%
Basilisk
57%
Petunia Dursley
57%
Sybill Trelawney
57%
Nagini
56%
Horace Slughorn
53%
Nymphadora Tonks
53%
Quirinus Quirrell
51%
Colin Creevey
49%
Cornelius Fudge
49%
Fawkes
49%
Barty Crouch Sr.
47%
Fleur Delacour
47%
Gregory Goyle
47%
Vincent Crabbe
47%
Oliver Wood
41%
Seamus Finnigan
41%
Barty Crouch Jr.
40%
Lavender Brown
37%
Arabella Figg
34%
Filius Flitwick
34%
Gilderoy Lockhart
34%
Rufus Scrimgeour
34%
Garrick Ollivander
32%
Marcus Flint
26%

Score Distribution

Percentile by Number Answered

Percent of People with Each Score

Your Score History

You have not taken this quiz